Economía política del cuerpo. La reestructuración de los grupos conservadores y el biopoder
Saved in:
| Hovedforfatter: | |
|---|---|
| Format: | Bog |
| Sprog: | spansk |
| Udgivet: |
Lima
Centro de Promoción y Defensa de los Derechos Sexuales y Reproductivos, PROMSEX
2007
|
| Udgivelse: | 1a. ed |
| Fag: | |
| Tags: |
Tilføj Tag
Ingen Tags, Vær først til at tagge denne postø!
|
MARC
| LEADER | 00000nam a2200000 a 4500 | ||
|---|---|---|---|
| 001 | UCG5638 | ||
| 003 | CL-VaPUC | ||
| 008 | 110310e20070600PE |||||||||||||||||spa|d | ||
| 020 | |a 9789972277238 | ||
| 082 | 0 | 4 | |a 320.52 |b MUJ |2 21 |
| 100 | |a Mujica, Jaris |e autor |9 555341 | ||
| 245 | 1 | 0 | |a Economía política del cuerpo. La reestructuración de los grupos conservadores y el biopoder |
| 250 | |a 1a. ed | ||
| 300 | |a 290 p | ||
| 942 | |c BK | ||
| 945 | |d 20110310 00:00:00 |a jcampos | ||
| 260 | |a Lima |b Centro de Promoción y Defensa de los Derechos Sexuales y Reproductivos, PROMSEX |c 2007 | ||
| 650 | 0 | |a Consevadurismo |9 377220 | |
| 650 | 0 | |a Biopolítica |9 555342 | |
| 650 | 0 | |a Opus dei |9 318612 | |
| 650 | 7 | |a GRUPOS CONSERVADORES |2 CL-VaPUC |9 555343 | |
| 651 | 0 | |a Perú |9 256567 | |
| 583 | |a last modification |c 20110310 00:00:00 |k Rodrigo Vera | ||
| 999 | |c 344041 |d 344039 | ||